Μαθαίνοντας να ζούμε με τις δασικές πυρκαγιές

Αποθηκεύτηκε σε:
Λεπτομέρειες βιβλιογραφικής εγγραφής
Κύριος συγγραφέας: Κωνσταντινίδης, Παύλος Ν., 1950-
Μορφή: Βιβλίο
Γλώσσα:Greek
Δημοσίευση: Θεσσαλονίκη : Χριστοδουλίδης, 2003
Θέματα:
Ετικέτες: Προσθήκη ετικέτας
Δεν υπάρχουν, Καταχωρήστε ετικέτα πρώτοι!

MARC

LEADER 00000nam a2200000 i 4500
001 1/47671
008 040127s2003 gre d
020 |a 960-8183-37-5 
035 |l 10072119 
040 |a GR-MY-UA  |b gre  |e aacr 
041 0 |a gre 
082 0 |a 363.37909495  |2 (21) 
100 1 |a Κωνσταντινίδης, Παύλος Ν.,   |d 1950- 
245 1 0 |a Μαθαίνοντας να ζούμε με τις δασικές πυρκαγιές /  |c Παύλος Κωνσταντινίδης 
260 |a Θεσσαλονίκη :   |b Χριστοδουλίδης,   |c 2003 
300 |a 312 σ.;  |b εικ.;  |c 24 εκ. 
504 |a Περιέχει βιβλιογραφία 
650 0 0 |a Forest fires  |z Greece. 
650 0 0 |a Forest fires  |x Prevention and control. 
852 |a INST  |b LESVOS  |e 20040127  |h 363.37909495 ΚΩΝ  |p 005100030324  |q 005100030324  |t BK  |y 0 
901 |a BIBL1-2004-3 
909 |a Λ  |b 107157 
922 |a 1ΕΛΗ  |b 200311  |c ΤΑΚ/ΤΓ  |d ΠΑΠΑΣΩΤΗΡΙΟΥ & ΕΛΕΥΘΕΡΟΥΔΑΚΗΣ 
950 |a 118-2003-09-15 
970 |a ΧΡΙΣΤΟΦΑ  |b ΝΙΚΗ  |z 2004/09/28